| 000 | 00445nam a2200181Ia 4500 | ||
|---|---|---|---|
| 008 | 170918s9999 xx 000 0 und d | ||
| 020 | _a9780439559690 | ||
| 050 | _bS857 2000 | ||
| 100 | _aStilton, Geronimo | ||
| 245 | _aRed pizzas for a blue count / | ||
| 245 | _cby Geronimo Stilton. | ||
| 260 | _aNew York : | ||
| 260 | _bScholastic, | ||
| 260 | _c2000 | ||
| 300 | _a116 pages : | ||
| 300 | _bcolor illustrations ; | ||
| 500 | _a580 | ||
| 999 |
_c343665 _d343665 |
||